| 000 | 01904cam a2200517 i 4500 | ||
|---|---|---|---|
| 001 | 200468058 | ||
| 003 | TR-AnTOB | ||
| 005 | 20260413091924.0 | ||
| 007 | ta | ||
| 008 | 260413t19801965nyu 000 0 eng d | ||
| 020 | _a0451121988 | ||
| 020 | _a9780451121981 | ||
| 020 |
_a0451144597 _q(paperback) |
||
| 020 |
_a9780451144591 _q(paperback) |
||
| 020 | _a0451154460 | ||
| 020 | _a9780451154460 | ||
| 035 | _a(CLU)815455-ucladb-Voyager | ||
| 035 |
_a(OCoLC)10871392 _z(OCoLC)32913651 _z(OCoLC)605952816 |
||
| 035 | _a(OCoLC)ocm10871392 | ||
| 035 | _a(EXLNZ-01UCS_NETWORK)9912827129806531 | ||
| 035 | _a(TR-AnTOB)200468058 | ||
| 040 |
_aCLU _beng _erda _cCLU _dOCL _dUBA _dOCLCQ _dBTCTA _dOCLCQ _dOCLCG _dOCLCQ _dOCLCF _dOCLCO _dOCLCQ _dOCLCA _dOCLCO _dOCLCQ _dOCLCO _dOCLCL _dOCLCQ _dCCS _dSZR _dBAKER _dYDXCP _dTR-AnTOB |
||
| 041 | 0 | _aeng | |
| 043 | _an-us-ks | ||
| 050 | 4 |
_aHV6533.K3 _bC3768 1980 |
|
| 090 |
_aHV6533.K3 _bC3768 1980 |
||
| 100 | 1 |
_aCapote, Truman, _d1924-1984 _eauthor _4aut _0http://id.loc.gov/authorities/names/n79104227 _953170 |
|
| 245 | 1 | 0 |
_aIn cold blood : _ba true account of a multiple murder and its consequences / _cTruman Capote. |
| 264 | 1 |
_aNew York : _bNew American Library, _c1980. |
|
| 264 | 4 | _c©1965 | |
| 300 |
_a384 pages ; _c18 cm |
||
| 336 |
_atext _btxt _2rdacontent |
||
| 337 |
_aunmediated _bn _2rdamedia |
||
| 338 |
_avolume _bnc _2rdacarrier |
||
| 490 | 0 |
_aSignet book ; _vAE 2198 |
|
| 600 | 1 | 0 |
_aHickock, Richard Eugene, _d1931-1965 _0http://id.loc.gov/authorities/names/n86113641 _9153568 |
| 600 | 1 | 0 |
_aSmith, Perry Edward, _d1928-1965 _0http://id.loc.gov/authorities/names/n86113642 _9153569 |
| 650 | 0 |
_aMurder _zKansas _vCase studies _9153570 |
|
| 655 | 7 |
_aCase studies _2lcgft _9151426 |
|
| 942 |
_2lcc _cBK |
||
| 951 | _aUclaCollMgr MonosBKS19771980 20210504 | ||
| 951 | _apmr 062184 | ||
| 951 | _aMARS | ||
| 999 |
_c200468058 _d86270 |
||